Devine la chanson grâce aux paroles - Rosalía - Statistiques

Statistiques générales
  • Ce quiz a été pris 84 fois
  • Le résultat moyen est 5 sur 14
Statistiques - réponses
Hint Réponse % Correct
Una mariposa, yo me transformo Saoko
70%
Si quiero duermo con ella, pero nunca me la voy a casar La fama
68%
Piña colada, no tengo pena Despechá
65%
Lo mejor que tengo es el amor que me das Beso
57%
Me lo dijo esa gitana Malamente
49%
El benito es un diablillo, ella es un ángel La noche de anoche
46%
La que pica, spicy wasabi Vampiros
35%
Donde me cogió la noche me perdí Como un G
29%
Vengo en moto, soy una mami LLYLM
25%
Lo que quiero lo tendo sin perdón y sin permiso Tuya
25%
Hay demasiao' que nos separa Candy
21%
El respeto es en boletos y diamante' Yo x ti, tú x mí
17%
Me he puesto sentimental Omega
16%
La noche estrella' así sea New Woman
14%
Aucun quiz correspondant
Distribution des résultats
% des personnes avec chaque résultat
Percentile par nombre de réponses
Votre historique - résultats
Vous n’avez pas pris ce quiz